Utah Jazz Leading Rebounder per year - Statistics

General Stats
  • This quiz has been taken 28 times
  • The average score is 35 of 49
Answer Stats
Year Player % Correct
2003 Karl Malone
100%
2002 Karl Malone
100%
2001 Karl Malone
100%
2000 Karl Malone
100%
1999 Karl Malone
100%
1998 Karl Malone
100%
1997 Karl Malone
100%
1996 Karl Malone
100%
1995 Karl Malone
100%
1994 Karl Malone
100%
1993 Karl Malone
100%
1992 Karl Malone
100%
1991 Karl Malone
100%
1990 Karl Malone
100%
1989 Karl Malone
100%
1988 Karl Malone
100%
1987 Karl Malone
100%
1986 Karl Malone
100%
2010 Carlos Boozer
85%
2009 Carlos Boozer
85%
2008 Carlos Boozer
85%
2007 Carlos Boozer
85%
2005 Carlos Boozer
85%
2023 Lauri Markkanen
85%
2022 Rudy Gobert
85%
2021 Rudy Gobert
85%
2020 Rudy Gobert
85%
2019 Rudy Gobert
85%
2018 Rudy Gobert
85%
2017 Rudy Gobert
85%
2016 Rudy Gobert
85%
2015 Rudy Gobert
85%
2004 Andrei Kirilenko
75%
1985 Mark Eaton
75%
1984 Mark Eaton
75%
1980 Adrian Dantley
55%
2014 Derrick Favors
40%
2006 Mehmet Okur
40%
1979 Truck Robinson
25%
1978 Truck Robinson
25%
2013 Al Jefferson
20%
2012 Al Jefferson
20%
2011 Al Jefferson
20%
1983 Danny Schayes
10%
1977 Otto Moore
5%
1976 Otto Moore
5%
1981 Ben Poquette
0%
1982 Jeff Wilkins
0%
1975 Toby Kimball
0%
No matching quizzes found
Score Distribution
Percent of People with Each Score
Percentile by Number Answered
Your Score History
You have not taken this quiz